000 00821nam a2200289 i 4500
001 000007024
003 DO-SdBNP
005 20251030102101.0
007 ta
008 251030s2010 dr 000 0 spa d
040 _aDO-SdBNP
_bspa
_cBNPHU
_erda
041 _aspa
082 _a347.7293
_bR426c, 1883
_222
110 1 _aRepública Dominicana.
_bMinisterio de Trabajo
_9447
245 1 0 _aCompendio de estadisticas laborales 2007-2010 República Dominicana
264 _aSanto Domingo :
_bMinisterio de Trabajo,
_c2010
300 _a164 páginas ;
_c28 cm.
336 _ardacontent
_btexto
_2txt
337 _ardamedia
_bsin mediación
_2n
338 _ardacarrier
_bvolumen
_2nc
590 _aInventariado, 2025/DG
650 _96943
650 _911714
650 _93033
910 _aDG
942 _2ddc
_cLBS1
999 _c59987
_d59987